สารานุกรมไทยสำหรับเยาวชน เล่ม 6 [3rd] (ระเบียนเลขที่ 21499)
| 000 -LEADER | |
|---|---|
| fixed length control field | 01889nam a22003737a 4500 |
| 005 - DATE AND TIME OF LATEST TRANSACTION | |
| control field | 20210325185017.0 |
| 008 - FIXED-LENGTH DATA ELEMENTS--GENERAL INFORMATION | |
| fixed length control field | s2529 th tha d |
| 020 ## - INTERNATIONAL STANDARD BOOK NUMBER | |
| International Standard Book Number | 9748185079 |
| 041 ## - LANGUAGE CODE | |
| Language code of text/sound track or separate title | tha |
| 090 ## - LOCALLY ASSIGNED LC-TYPE CALL NUMBER (OCLC); LOCAL CALL NUMBER (RLIN) | |
| Classification number (OCLC) (R) ; Classification number, CALL (RLIN) (NR) | อ AE60 ค962ส 2529 ล.6 |
| 110 0# - MAIN ENTRY--CORPORATE NAME | |
| Corporate name or jurisdiction name as entry element | โครงการสารานุกรมไทยสำหรับเยาวชน |
| 245 10 - TITLE STATEMENT | |
| Title | สารานุกรมไทยสำหรับเยาวชน เล่ม 6 [3rd] |
| 260 3# - PUBLICATION, DISTRIBUTION, ETC. | |
| Place of publication, distribution, etc. | กรุงเทพฯ : |
| Name of publisher, distributor, etc. | สำนักงานกลาง โครงการสารานุกรมไทยสำหรับเยาวชน, |
| Date of publication, distribution, etc. | 2529 |
| 300 ## - PHYSICAL DESCRIPTION | |
| Extent | 263 หน้า : |
| Other physical details | ภาพประกอบ, ตาราง, กราฟ ; |
| Dimensions | 29 ซม. |
| 610 ## - SUBJECT ADDED ENTRY--CORPORATE NAME | |
| Corporate name or jurisdiction name as entry element | โครงการสารานุกรมไทยสำหรับเยาวชน |
| 650 04 - SUBJECT ADDED ENTRY--TOPICAL TERM | |
| Topical term or geographic name entry element | กราฟ |
| 650 04 - SUBJECT ADDED ENTRY--TOPICAL TERM | |
| Topical term or geographic name entry element | คณิตศาสตร์ |
| 650 04 - SUBJECT ADDED ENTRY--TOPICAL TERM | |
| Topical term or geographic name entry element | คณิตศาสตร์สถิติ |
| 650 04 - SUBJECT ADDED ENTRY--TOPICAL TERM | |
| Topical term or geographic name entry element | ความน่าจะเป็น |
| 650 04 - SUBJECT ADDED ENTRY--TOPICAL TERM | |
| Topical term or geographic name entry element | จำนวนเลข |
| 650 04 - SUBJECT ADDED ENTRY--TOPICAL TERM | |
| Topical term or geographic name entry element | ตรรกวิทยา |
| 650 04 - SUBJECT ADDED ENTRY--TOPICAL TERM | |
| Topical term or geographic name entry element | ฟังก์ชั่น |
| 650 04 - SUBJECT ADDED ENTRY--TOPICAL TERM | |
| Topical term or geographic name entry element | ศิลปะ -- คณิตศาสตร์ |
| 650 04 - SUBJECT ADDED ENTRY--TOPICAL TERM | |
| Topical term or geographic name entry element | สถิติ |
| 650 04 - SUBJECT ADDED ENTRY--TOPICAL TERM | |
| Topical term or geographic name entry element | สมการ |
| 650 04 - SUBJECT ADDED ENTRY--TOPICAL TERM | |
| Topical term or geographic name entry element | สารานุกรม |
| 650 04 - SUBJECT ADDED ENTRY--TOPICAL TERM | |
| Topical term or geographic name entry element | เซต |
| 650 04 - SUBJECT ADDED ENTRY--TOPICAL TERM | |
| Topical term or geographic name entry element | เรขาคณิต |
| 650 04 - SUBJECT ADDED ENTRY--TOPICAL TERM | |
| Topical term or geographic name entry element | เรขาคณิตเซตสารานุกรมสมการสถิติศิลปะ -- คณิตศาสตร์ฟังก์ชั่นตรรกวิทยาจำนวนเลขความน่าจะเป็นคณิตศาสตร์สถิติคณิตศาสตร์กราฟ |
| 850 ## - HOLDING INSTITUTION | |
| Holding institution | NALT |
| 942 ## - ADDED ENTRY ELEMENTS (KOHA) | |
| Koha item type | Reference Book |
| 997 ## - | |
| -- | 000000000021499 |
| 998 ## - LOCAL CONTROL INFORMATION (RLIN) | |
| -- | BENJALUCK |
| Withdrawn status | Lost status | Damaged status | Not for loan | Collection code | Home library | Current library | Total Checkouts | Full call number | Barcode | Date last seen | Price effective from | Koha item type |
|---|---|---|---|---|---|---|---|---|---|---|---|---|
| Reference Book collection | National Assembly Library of Thailand | National Assembly Library of Thailand | อ AE60 ค962ส 2529 ล.6 | 3961115882 | 09/06/2017 | 09/06/2017 | Reference Book |
